000 00570nam a2200181 a 4500
005 20210223131006.0
008 090521s2007 mx r 000 0 spa d
020 _a9788467513714
035 _aUPN01000170556
049 _aI
050 4 _aPZ11
_bM3.2
245 0 0 _aMabo y la hiena /
_cil. por Caroline Palayer ; tr. Teresa Tellechea.
260 _aMadrid :
_bSM,
_c2007.
300 _a29 p. :
_bprincipalmente il. col. +
_e1 CD-ROM ; 4 3/4 plg.
534 _pTítulo original:
_tMabo et la hyéne
650 4 _aCUENTOS INFANTILES AFRICANOS
_911560
905 _aInfantil
999 _c142661
_d142661